000 00685cab a2200217 4500
001 WB3231-32
008 090401t1996 xxu||||| |||| 00| 0 eng d
035 _a(Sirsi) u69592
041 _aeng
245 _aHighway - obstruction
260 _c1996
350 _a0
490 _aEstates Gazette Case Summaries
_v[1996] EGCS 135 (3/8/96)
520 _a"Kent CC v Holland" QBD 22 July 1996. Held that the presence of fierce Rottweiler dogs in a garden next to a public footpath did not constitute an obstruction.
650 _aDOGS
650 _aFOOTPATHS
650 _aKENT CC V HOLLAND
690 _aHIGHWAYS AND RIGHTS OF WAY-CASE LAW
942 _n0
948 _c04/03/1997
999 _c43716
_d43716